• 首页
  • 本馆介绍
  • 公告通知
  • 最新文献
  • 馆藏检索
  • 电子资源
  • 读者导购
  • 参考咨询
  • 我的图书馆
  • 登录
  • 详细信息显示
  • 放入我的书架
  • 预约/预借图书
  • 作者相关作品
  • 分类相关作品
  • 丛书相关作品
  • 出版社相关作品

书目信息

  • 表格格式
  • 工作单格式
  • 卡片格式
题名:
复杂非线性系统的故障诊断与智能自适应容错控制
    
 
作者: 王占山 , 刘磊 著
分册:  
出版信息: 北京   科学出版社  2018
页数: 306页
开本: 24cm
丛书名:
单 册:
中图分类: TP271 , TP273
科图分类:
主题词: 控制系统--Kong Zhi Xi Tong--故障诊断 , 自适应控制--Zi Shi Ying Kong Zhi--容错技术
电子资源:
ISBN: 978-7-03-058217-1
000 01420nam0 2200289 450
001 012001001598
005 20140108144758.0
010    @a978-7-03-058217-1@dCNY108.00
099    @aCAL 012018105903
100    @a20180906d2018 em y0chiy50 ea
101 0  @achi
102    @aCN@b110000
105    @aa a 001yy
106    @ar
200 1  @a复杂非线性系统的故障诊断与智能自适应容错控制@AFu Za Fei Xian Xing Xi Tong De Gu Zhang Zhen Duan Yu Zhi Neng Zi Shi Ying Rong Cuo Kong Zhi@f王占山, 刘磊著
210    @a北京@c科学出版社@d2018
215    @a306页@c图@d24cm
320    @a有书目(第208-303页)和索引
330    @a本书围绕复杂非线性系统的故障诊断和智能自适应容错控制问题做了相关研究。结合作者多年的研究工作, 介绍故障诊断与智能容错控制的发展历史及演化趋势、容错控制与经典控制理论之间的关系; 设计状态观测器和故障诊断观测器来实现故障检测和故障估计; 研究基于模型驱动的智能自适应容错控制问题和基于数据驱动的**容错控制问题。本书构建了一套集故障检测、故障估计、参数学习和性能学习为一体的自适应控制体系。选材上既考虑了问题本身的实用性和客观性, 又注意到控制概念的可读性、认识方法的广泛性以及控制方法的新颖性和前瞻性。
606 0  @a控制系统@AKong Zhi Xi Tong@x故障诊断
606 0  @a自适应控制@AZi Shi Ying Kong Zhi@x容错技术
690    @aTP271@v5
690    @aTP273@v5
701  0 @a王占山@AWang Zhan Shan@4著
701  0 @a刘磊@ALiu Lei@4著
801  0 @aCN@b北京卓展@c20191020
905    @b1202219-22@dTP271@e360@f4
    
    复杂非线性系统的故障诊断与智能自适应容错控制/王占山, 刘磊著.-北京:科学出版社,2018
    306页:图;24cm
    
    
    ISBN 978-7-03-058217-1:CNY108.00
    本书围绕复杂非线性系统的故障诊断和智能自适应容错控制问题做了相关研究。结合作者多年的研究工作, 介绍故障诊断与智能容错控制的发展历史及演化趋势、容错控制与经典控制理论之间的关系; 设计状态观测器和故障诊断观测器来实现故障检测和故障估计; 研究基于模型驱动的智能自适应容错控制问题和基于数据驱动的**容错控制问题。本书构建了一套集故障检测、故障估计、参数学习和性能学习为一体的自适应控制体系。选材上既考虑了问题本身的实用性和客观性, 又注意到控制概念的可读性、认识方法的广泛性以及控制方法的新颖性和前瞻性。
●
相关链接 在E读中查询图书 在五车中查询图书 在当当中查询图书 在豆瓣中查询图书


正题名:复杂非线性系统的故障诊断与智能自适应容错控制     索取号:TP271/360         预约/预借

序号 登录号 条形码 馆藏地/架位号 状态 备注
1 1202219   212022194   第二样本阅览室/ [索取号:TP271/360] 在馆    
2 1202220   212022201   第三借阅区/ [索取号:TP271/360] 在馆    
3 1202221   212022210   第三借阅区/ [索取号:TP271/360] 在馆    
4 1202222   212022229   第三借阅区/ [索取号:TP271/360] 在馆    
唐山师范学院图书馆 欢迎您!
大连网信软件有限公司© 版权所有